000 00512nam a22002057a 4500
003 OSt
005 20150202183031.0
008 141222b xxu||||| |||| 00| 0 eng d
020 _a84-02-1599-9
040 _cBMC
082 _a823
100 1 _aScott, Walter
_cSir
_d1771-1832
_9386
245 1 0 _aIvanhoe
_cWalter Scott
250 _a4ยช ed
260 _aBarcelona
_bBruguera
_c[1986]
300 _a[224] p.
_bil.
_c27 cm
490 _aFamosas novelas
_v2
650 2 4 _911162
_aNovela inglesa
942 _2ddc
_cBK
999 _c17040
_d17040